| 000 | 004490000a22001810004500 | ||
|---|---|---|---|
| 003 | MACL | ||
| 005 | 20151011173419.0 | ||
| 008 | 151011b xxu||||| |||| 00| 0 eng d | ||
| 040 |
_aMACL _cMACL |
||
| 041 | _aEnglish | ||
| 082 | _a920/CHA | ||
| 100 |
_aChawla, Navin _914494 |
||
| 245 |
_aMother Teresa _bThe Authorized Biography |
||
| 260 |
_bPenguin Books _c1993 _aNew Delhi |
||
| 350 | _a125 | ||
| 650 |
_aBiography _914495 |
||
| 942 |
_cBK _k920 _2ddc |
||
| 999 |
_c3510 _d3510 |
||